[Event "Titled Tuesday intern op 12th Jul Early"]
[Site "Chess.com INT"]
[Date "2022.07.12"]
[Round "6"]
[White "Andrejevs, Arvids"]
[Black "Avalos Parra, Joao"]
[Result "1-0"]
[WhiteElo "2224"]
[BlackElo "2193"]
[PlyCount "61"]
[EventDate "2022.07.12"]
[EventType "swiss (blitz)"]
[EventRounds "11"]
[EventCountry "USA"]
[SourceTitle "EXT 2023"]
[Source "ChessBase"]
[SourceDate "2022.10.05"]
[SourceVersion "1"]
[SourceVersionDate "2022.10.05"]
[SourceQuality "1"]

1. Nf3 e6 2. g3 Nf6 3. Bg2 d5 4. d3 Be7 5. 0-0 0-0 6. Nbd2 b6 7. e4 Bb7 8. e5 Nfd7 9. d4 c5 10. c3 Nc6 11. Nb3 Rc8 12. Bf4 Ba6 13. Re1 cxd4 14. Nbxd4 Nc5 15. Nxc6 Rxc6 16. Nd4 Rc8 17. Bf1 Bxf1 18. Kxf1 Qd7 19. h4 Na4 20. Qe2 Bc5 21. Rad1 Bxd4 22. Rxd4 Nc5 23. Kg2 b5 24. h5 h6 25. g4 Qb7 26. g5 hxg5 27. Bxg5 Ne4 28. Qg4 Kh7 29. h6 gxh6 30. Rh1 Nxg5 31. Qxg5 1-0

[Event "Titled Tuesday intern op 25th Jan"]
[Site "Chess.com INT"]
[Date "2022.01.25"]
[Round "6"]
[White "Andrejevs, Arvids"]
[Black "Sailer, Mike L"]
[Result "1-0"]
[WhiteElo "2224"]
[BlackElo "2109"]
[PlyCount "49"]
[EventDate "2022.01.25"]
[EventType "swiss (blitz)"]
[EventRounds "11"]
[EventCountry "USA"]
[SourceTitle "CBM 206 Extra"]
[Source "ChessBase"]
[SourceDate "2022.03.31"]
[SourceVersion "1"]
[SourceVersionDate "2022.03.31"]
[SourceQuality "1"]

1. e4 d5 2. exd5 Qxd5 3. Nc3 Qd6 4. Nf3 Nf6 5. d4 c6 6. Be3 Bg4 7. Be2 e6 8. h3 Bh5 9. 0-0 Be7 10. Ne5 Bxe2 11. Nxe2 Nbd7 12. Bf4 Qb4 13. c3 Qa5 14. Ng3 Nxe5 15. Bxe5 0-0 16. f4 c5 17. f5 cxd4 18. cxd4 Nd5 19. fxe6 fxe6 20. Qg4 Bf6 21. Qxe6+ Kh8 22. Nh5 Bxe5 23. Qxe5 Rxf1+ 24. Rxf1 Rg8 25. Rf8 1-0

[Event "Titled Tuesday intern op 18th Jan"]
[Site "Chess.com INT"]
[Date "2022.01.18"]
[Round "4"]
[White "Andrejevs, Arvids"]
[Black "Vovk, Orest"]
[Result "0-1"]
[WhiteElo "2224"]
[BlackElo "2315"]
[PlyCount "58"]
[EventDate "2022.01.18"]
[EventType "swiss (blitz)"]
[EventRounds "11"]
[EventCountry "USA"]
[SourceTitle "CBM 206 Extra"]
[Source "ChessBase"]
[SourceDate "2022.03.31"]
[SourceVersion "1"]
[SourceVersionDate "2022.03.31"]
[SourceQuality "1"]

1. e4 Nc6 2. c4 e5 3. Nf3 Bc5 4. Nxe5 Nxe5 5. d4 Bb4+ 6. Nc3 Bxc3+ 7. bxc3 Nc6 8. d5 Ne5 9. f4 Ng6 10. Bd3 d6 11. 0-0 N8e7 12. e5 dxe5 13. f5 Nf4 14. Bxf4 exf4 15. f6 gxf6 16. Rxf4 Qd6 17. Qf3 Bd7 18. Rxf6 Qc5+ 19. Kh1 0-0-0 20. Rxf7 Ng6 21. Rb1 Ne5 22. Qf6 Nxd3 23. Rxd7 Nf2+ 24. Kg1 Nh3+ 25. Kh1 Rdf8 26. Rf7 Rxf7 27. Qxh8+ Rf8 28. Qxf8+ Qxf8 29. gxh3 Qf3+ 0-1

[Event "Titled Tuesday intern op 18th Jan"]
[Site "Chess.com INT"]
[Date "2022.01.18"]
[Round "5"]
[White "Cagara, Paulina"]
[Black "Andrejevs, Arvids"]
[Result "0-1"]
[WhiteElo "2045"]
[BlackElo "2224"]
[PlyCount "92"]
[EventDate "2022.01.18"]
[EventType "swiss (blitz)"]
[EventRounds "11"]
[EventCountry "USA"]
[SourceTitle "CBM 206 Extra"]
[Source "ChessBase"]
[SourceDate "2022.03.31"]
[SourceVersion "1"]
[SourceVersionDate "2022.03.31"]
[SourceQuality "1"]

1. e4 c5 2. Nc3 Nc6 3. Bb5 g6 4. Bxc6 bxc6 5. d3 Bg7 6. f4 d6 7. Nf3 Nf6 8. 0-0 0-0 9. Bd2 Rb8 10. b3 Nd7 11. Rb1 e5 12. fxe5 Nxe5 13. Qe1 Nxf3+ 14. Rxf3 d5 15. Qg3 Be6 16. Rbf1 c4 17. exd5 cxd5 18. Na4 Rc8 19. Kh1 cxb3 20. cxb3 Rc2 21. Bg5 Qb8 22. Bf4 Qb5 23. R3f2 Rxf2 24. Rxf2 Rc8 25. h3 h5 26. Kh2 Bf5 27. Rd2 Re8 28. d4 Re4 29. Be5 Bxe5 30. dxe5 Qf1 31. Rf2 Qe1 32. Nc5 Rxe5 33. Qf4 Re2 34. Rxe2 Qxe2 35. a4 Be4 36. Nxe4 Qxe4 37. Qb8+ Kh7 38. Qxa7 Qf4+ 39. Kh1 d4 40. Qd7 Qf1+ 41. Kh2 d3 42. a5 Qf4+ 43. g3 Qf2+ 44. Kh1 d2 45. a6 Qf1+ 46. Kh2 d1Q 0-1

[Event "Titled Tuesday intern op 11th Jan"]
[Site "Chess.com INT"]
[Date "2022.01.11"]
[Round "11"]
[White "Andrejevs, Arvids"]
[Black "Ptacnikova, Lenka"]
[Result "0-1"]
[WhiteElo "2224"]
[BlackElo "2173"]
[PlyCount "100"]
[EventDate "2022.01.11"]
[EventType "swiss (blitz)"]
[EventRounds "11"]
[EventCountry "USA"]
[SourceTitle "CBM 206 Extra"]
[Source "ChessBase"]
[SourceDate "2022.03.31"]
[SourceVersion "1"]
[SourceVersionDate "2022.03.31"]
[SourceQuality "1"]

1. e4 c5 2. Nf3 e6 3. Nc3 Nc6 4. Bb5 Nd4 5. 0-0 Nxb5 6. Nxb5 a6 7. Nc3 b5 8. d4 cxd4 9. Nxd4 Bb7 10. a3 d6 11. f4 Be7 12. Kh1 Qc7 13. Qg4 g6 14. f5 Nf6 15. Qg3 e5 16. fxg6 hxg6 17. Ne6 fxe6 18. Qxg6+ Kd7 19. Bg5 Rag8 20. Rxf6 Rxg6 21. Rxg6 Bxg5 22. Rxg5 Rh7 23. Rf1 Qc4 24. Re1 b4 25. axb4 Qxb4 26. Rg3 Bc6 27. Rd1 Qxb2 28. Rgd3 d5 29. exd5 exd5 30. Ne4 Kc7 31. Nc5 Qxc2 32. Nxa6+ Kb6 33. Nb4 Qc4 34. Rb1 Kc7 35. Ra3 Qd4 36. h3 Kd7 37. Ra6 Bb7 38. Ra5 Qe4 39. Rb2 Rxh3+ 40. Kg1 Qd4+ 41. Kf1 Qxb2 42. Rb5 Qb1+ 43. Kf2 Qc2+ 44. Kf1 Qd1+ 45. Kf2 Qd2+ 46. Kf1 Qd1+ 47. Kf2 Qd2+ 48. Kf1 Qf4+ 49. Kg1 Qe3+ 50. Kf1 Rh1# 0-1

[Event "Titled Tuesday intern op 24th Aug"]
[Site "Chess.com INT"]
[Date "2021.08.24"]
[Round "1"]
[White "Andrejevs, Arvids"]
[Black "Indjic, Aleksandar"]
[Result "0-1"]
[WhiteElo "2204"]
[BlackElo "2610"]
[PlyCount "56"]
[EventDate "2021.08.24"]
[EventType "swiss (blitz)"]
[EventRounds "11"]
[EventCountry "USA"]
[SourceTitle "EXT 2022"]
[Source "ChessBase"]
[SourceDate "2021.10.06"]
[SourceVersion "1"]
[SourceVersionDate "2021.10.06"]
[SourceQuality "1"]

1. e4 Nf6 2. e5 Nd5 3. d4 d6 4. exd6 exd6 5. Nf3 Be7 6. Bd3 0-0 7. 0-0 Nb4 8. Be2 Bf5 9. Na3 c6 10. c3 Nd5 11. Nc2 Nd7 12. Ne3 Nxe3 13. Bxe3 Nb6 14. Bd3 Qd7 15. Qc2 Bg6 16. Bxg6 hxg6 17. Rfe1 Rfe8 18. h4 Qg4 19. Bg5 Bxg5 20. hxg5 Nd5 21. Qd1 Nf4 22. Rxe8+ Rxe8 23. Qf1 Re2 24. Re1 Nh3+ 25. Kh2 Rxf2 26. Qh1 f6 27. Ng1 Nf4 28. Nh3 Rxg2+ 0-1

[Event "Riga Tech op-A"]
[Site "Riga"]
[Date "2021.08.12"]
[Round "6"]
[White "Raja, Rithvik R"]
[Black "Andrejevs, Arvids"]
[Result "1-0"]
[WhiteElo "2433"]
[BlackElo "2204"]
[PlyCount "73"]
[EventDate "2021.08.09"]
[EventType "swiss"]
[EventRounds "9"]
[EventCountry "LAT"]
[SourceTitle "CBM 203 Extra"]
[Source "ChessBase"]
[SourceDate "2021.09.30"]
[SourceVersion "1"]
[SourceVersionDate "2021.09.30"]
[SourceQuality "1"]

1. c4 e6 2. Nc3 d5 3. d4 Nf6 4. cxd5 exd5 5. Bg5 c6 6. e3 Be7 7. Bd3 0-0 8. Qc2 Nbd7 9. h3 Re8 10. Nf3 Nf8 11. Bf4 Bd6 12. Bxd6 Qxd6 13. 0-0-0 b5 14. Kb1 a5 15. Rc1 Ba6 16. g4 a4 17. Ne5 N6d7 18. Nxd7 Qxd7 19. Ne2 b4 20. Nf4 Bxd3 21. Nxd3 b3 22. Qxc6 bxa2+ 23. Ka1 Qe7 24. Qxd5 a3 25. b3 Rad8 26. Qc5 Qe4 27. Ne5 Rc8 28. Qxa3 Rb8 29. Rhd1 Qd5 30. b4 Qd6 31. Rc6 Qe7 32. Rc4 Qf6 33. f4 Qh4 34. Rc7 f6 35. Qb3+ Ne6 36. Nd7 Kh8 37. Rc6 1-0

[Event "Titled Tuesday intern op 30th Mar"]
[Site "Chess.com INT"]
[Date "2021.03.30"]
[Round "4"]
[White "Andrejevs, Arvids"]
[Black "Kowalczyk, Pawel"]
[Result "0-1"]
[WhiteElo "2204"]
[BlackElo "2357"]
[PlyCount "112"]
[EventDate "2021.03.30"]
[EventType "swiss (blitz)"]
[EventRounds "11"]
[EventCountry "USA"]
[SourceTitle "CBM 201 Extra"]
[Source "ChessBase"]
[SourceDate "2021.05.31"]
[SourceVersion "1"]
[SourceVersionDate "2021.05.31"]
[SourceQuality "1"]

1. e4 c5 2. c3 Nc6 3. d4 d5 4. exd5 Qxd5 5. Nf3 Bg4 6. Be2 e6 7. h3 Bh5 8. Be3 Rd8 9. 0-0 Nf6 10. dxc5 Bxc5 11. Qxd5 Rxd5 12. c4 Bxf3 13. cxd5 Bxe2 14. dxc6 Bxe3 15. Re1 bxc6 16. Rxe2 Bb6 17. Nc3 Ke7 18. Rc1 Rd8 19. Na4 Rd6 20. Rec2 Kd7 21. Nc5+ Kc7 22. b4 Rd4 23. a3 Nd5 24. b5 Nf4 25. Na6+ Kb7 26. g3 cxb5 27. gxf4 Kxa6 28. Rc6 Rxf4 29. R1c2 Kb7 30. R6c3 a5 31. Rb3 b4 32. axb4 axb4 33. Rcb2 Bc5 34. Kg2 Kb6 35. Kg3 g5 36. f3 h5 37. Rd3 h4+ 38. Kg2 Kb5 39. Rd7 Kc4 40. Rc2+ Kb5 41. Rb7+ Bb6 42. Rb8 b3 43. Rb2 Rb4 44. Kf1 Kc4 45. Rc8+ Kd3 46. Ke1 Bd4 47. Rd2+ Ke3 48. Re2+ Kxf3 49. Rc7 f5 50. Rc1 b2 51. Rb1 e5 52. Kf1 g4 53. hxg4 fxg4 54. Rc2 g3 55. Re1 b1Q 56. Rcc1 Qd3+ 0-1

[Event "Titled Tuesday intern op 30th Mar"]
[Site "Chess.com INT"]
[Date "2021.03.30"]
[Round "3"]
[White "Mikhailovsky, Vladimir"]
[Black "Andrejevs, Arvids"]
[Result "0-1"]
[WhiteElo "2228"]
[BlackElo "2204"]
[PlyCount "130"]
[EventDate "2021.03.30"]
[EventType "swiss (blitz)"]
[EventRounds "11"]
[EventCountry "USA"]
[SourceTitle "CBM 201 Extra"]
[Source "ChessBase"]
[SourceDate "2021.05.31"]
[SourceVersion "1"]
[SourceVersionDate "2021.05.31"]
[SourceQuality "1"]

1. e4 e5 2. Nf3 Nc6 3. Nc3 Nf6 4. Nxe5 Nxe5 5. d4 Ng6 6. e5 Ng8 7. Bc4 d6 8. Qf3 Qd7 9. 0-0 dxe5 10. Re1 Qf5 11. Bb5+ Kd8 12. Qd5+ Bd6 13. Ne4 exd4 14. Nxd6 cxd6 15. Qxd6+ Bd7 16. Bg5+ Nf6 17. Bxf6+ gxf6 18. Bxd7 Qxd7 19. Qxf6+ Kc7 20. Rad1 Rhe8 21. Rf1 Re6 22. Qg5 Rd8 23. Rd3 Kb8 24. h3 Ne5 25. Ra3 Qd5 26. Qf4 Rde8 27. Rd1 Rg6 28. f3 Rd8 29. Ra4 Kc8 30. Raxd4 Nxf3+ 31. Qxf3 Qxf3 32. Rxd8+ Kc7 33. R1d7+ Kc6 34. Rd6+ Kc5 35. Rd2 Qe3+ 36. Kh2 Qe5+ 37. Kg1 Qxb2 38. Rc8+ Kb6 39. Rd3 Qc1+ 40. Kh2 Qf4+ 41. Kg1 a6 42. Rcd8 Ka7 43. Rd2 Qe3+ 44. Kh2 Qe5+ 45. Kg1 Re6 46. R8d5 Qc7 47. Rd7 Qb6+ 48. Kh2 Rc6 49. Rxf7 Qb4 50. Rdd7 Rb6 51. Rc7 Qe4 52. Rce7 Qd5 53. Rd7 Qe5+ 54. Kg1 Rb1+ 55. Kf2 Qc5+ 56. Ke2 Qxc2+ 57. Kf3 Rf1+ 58. Ke3 Qc1+ 59. Ke4 Qe1+ 60. Kd5 Qd2+ 61. Ke6 Qe3+ 62. Kd6 Qd4+ 63. Kc7 Qc4+ 64. Kd8 Rxf7 65. Rxf7 Qxf7 0-1

[Event "Titled Tuesday intern op 30th Mar"]
[Site "Chess.com INT"]
[Date "2021.03.30"]
[Round "9"]
[White "Nagy, Gabor"]
[Black "Andrejevs, Arvids"]
[Result "1-0"]
[WhiteElo "2516"]
[BlackElo "2204"]
[PlyCount "169"]
[EventDate "2021.03.30"]
[EventType "swiss (blitz)"]
[EventRounds "11"]
[EventCountry "USA"]
[SourceTitle "CBM 201 Extra"]
[Source "ChessBase"]
[SourceDate "2021.05.31"]
[SourceVersion "1"]
[SourceVersionDate "2021.05.31"]
[SourceQuality "1"]

1. Nf3 d5 2. e3 e6 3. c4 Nf6 4. b3 Be7 5. Bb2 0-0 6. Nc3 c5 7. cxd5 Nxd5 8. Nxd5 exd5 9. Qb1 Bf6 10. Bd3 Bxb2 11. Qxb2 Nc6 12. Rc1 b6 13. Bb5 Bd7 14. 0-0 a6 15. Bxc6 Bxc6 16. d4 Qd6 17. Qa3 Bb5 18. Rfe1 Rac8 19. h3 Rfd8 20. Rc3 Qf8 21. Rec1 c4 22. Qxf8+ Kxf8 23. Nd2 Rc7 24. f3 Rdc8 25. Kf2 Ke7 26. e4 Kd6 27. bxc4 Bxc4 28. a3 b5 29. Ke3 f6 30. g4 g5 31. h4 h6 32. hxg5 hxg5 33. Rh1 a5 34. Rh6 Ke7 35. Rh7+ Kd6 36. Rh6 Ke7 37. Rc1 b4 38. axb4 axb4 39. Rch1 b3 40. Rh7+ Ke6 41. e5 Rxh7 42. Rxh7 fxe5 43. Rh6+ Kf7 44. dxe5 b2 45. Rb6 Ra8 46. Rxb2 Ra3+ 47. Kf2 Ke6 48. Kg3 Kxe5 49. Rb8 Kd4 50. Rg8 Rd3 51. Nf1 Rd1 52. Nh2 Ke3 53. Rxg5 Rg1+ 54. Kh3 d4 55. Re5+ Kf4 56. Re4+ Kg5 57. Rxd4 Be6 58. f4+ Kg6 59. Rd6 Kf7 60. f5 Bc8 61. Nf3 Rf1 62. Ng5+ Kg7 63. Rg6+ Kh8 64. Nf7+ Kh7 65. Ng5+ Kh8 66. Rc6 Bd7 67. Rc7 Bxf5 68. Nf7+ Kg7 69. Nd6+ Kf6 70. Nxf5 Kg5 71. Rg7+ Kf4 72. Ng3 Ra1 73. Rf7+ Kg5 74. Rf5+ Kg6 75. Rb5 Ra2 76. Nh5 Ra3+ 77. Kh4 Ra2 78. Rb6+ Kh7 79. Nf6+ Kg6 80. Ne4+ Kh7 81. Kh5 Rh2+ 82. Kg5 Re2 83. Rb7+ Kg8 84. Nf6+ Kf8 85. Kg6 1-0